| 000 | 00526nam a2200181 a 4500 | ||
|---|---|---|---|
| 005 | 20140310183430.0 | ||
| 008 | 080107s19uu xx 00 eng d | ||
| 020 | _a9780240809151 | ||
| 050 |
_aTR 858 _b.Sa285 2007 |
||
| 100 | _aSawicki, Mark | ||
| 245 |
_aFilming the fantastic : _ba guide to visual effect cinematography. |
||
| 260 |
_aLondon : _bFocal Press, _c2007. |
||
| 300 |
_a294 p. : _bcol. ill. ; _c26 cm. |
||
| 521 | _aMA | ||
| 650 |
_aCinematography _xSpecial effects. |
||
| 942 |
_cBK _2lcc _kLOC |
||
| 999 |
_c22710 _d22710 |
||